书目信息 |
| 题名: |
汉英俄德法西分类常用词汇选编
|
|
| 作者: | 霍力 编 | |
| 分册: | ||
| 出版信息: | 北京 商务印书馆 1981 |
|
| 页数: | 301页 | |
| 开本: | 19cm | |
| 丛书名: | ||
| 单 册: | ||
| 中图分类: | H061 | |
| 科图分类: | ||
| 主题词: | 基本词汇--中、英、俄、德、西 , 词典学 | |
| 电子资源: | ||
| ISBN: | ||
| 000 | 00661nam0 2200241 45 | |
| 001 | 0181008676 | |
| 005 | 20060718175111.12 | |
| 010 | @dCNY1.00 | |
| 091 | @aCN@b9017.928 | |
| 100 | @a19950522d1981 em y0chiy0121 ea | |
| 101 | 0 | @achi@amul |
| 102 | @aCN@b110000 | |
| 105 | @ay e 000yy | |
| 200 | 10 | @a汉英俄德法西分类常用词汇选编@Ahan ying e de fa xi fen lei chang yong ci hui xuan bian@f霍力编 |
| 210 | @a北京@c商务印书馆@d1981 | |
| 215 | @a301页@d19cm | |
| 606 | @a基本词汇@x中、英、俄、德、西 | |
| 606 | 0 | @a词典学 |
| 690 | @aH061@v3 | |
| 701 | 0 | @a霍力@Ahuo li@4编 |
| 801 | 2 | @aCN@bNLC@c20060718 |
| 801 | 0 | @aCN@bTSSF |
| 905 | @a10447@dH061@e102 | |
| 汉英俄德法西分类常用词汇选编/霍力编.-北京:商务印书馆,1981 |
| 301页;19cm |
| ISBN :CNY1.00 |
| ● |
| 相关链接 |
|
|
|
|
正题名:汉英俄德法西分类常用词汇选编
索取号:H061/102
 
预约/预借
| 序号 | 登录号 | 条形码 | 馆藏地/架位号 | 状态 | 备注 |
| 1 | 0434901 | 204349017 | 密集书库/ [索取号:H061/102] | 在馆 | |
| 2 | 0434902 | 204349026 | 密集书库/ [索取号:H061/102] | 在馆 |